000 00266nam a2200121 i 4500
001 bg
245 0 _aSbornik zadac po teorii nadeżnosti.
260 _aMoskwa,
_c1972.
040 _cBPK
041 _apol
942 _cKS
008 s pl f |000 0 pol
999 _c15034
_d15034
856 _uhttp://koha.tu.koszalin.pl/cgi-bin/koha/opac-detail.pl?biblionumber=15034
_yKatalog online BPK